000 00815nam a2200253 a 4500
003 OSt
005 20130704182959.0
008 130704s1996 sz ||||| |||| 00| 0 spa d
020 _a92 4 320860 8
040 _cBiblioteca Medicina
041 _aspa
082 _aOMS IT 860
110 _aOrganizacion Mundial de la Salud
_91006
245 0 2 _aEl ejercicio de la enfermeria.
_bInforme de un Comite de Expertos de la OMS
250 _a1° ed.
260 _aGinebra
_bOrganizacion Mundial de la Salud
_c1996
300 _a42 p.
440 0 0 _aInformes Tecnicos
_92462
653 _aSERVICIOS DE ENFERMERIA
653 _aENFERMERIA PRACTICA
653 _aATENCION PRIMARIA DE SALUD
942 _2ddc
_cPH
999 _c1567
_d1567
952 _pH0086
_40
_00
_bBFM
_10
_oOMS IT 860
_d2013-07-04
_tEj. 1
_8NFIC
_70
_cCR
_2ddc
_yPH
_aBFM